000 00543nam a2200205 a 4500
001 13920
003 CO-ViMGA
008 141112s2004 ck r 000 u spa d
020 _a8484030636
040 _aCO-ViMGA
_bspa
_cCO-ViMGA
082 0 4 _a797 467s
100 1 _aBiosca R., Cristian
_920297
245 1 0 _aSubmarinismo
260 _aMadrid :
_bEdimat Libros,
_c1999
300 _a188
490 _aLibro de Oro : deporte y aventura
590 _aForma de adquisición : compra
650 1 4 _aDEPORTES ACUATICOS
_920298
942 _2ddc
_cBK
999 _c24622
_d24622